00983nam a2200253 i 450000100060000000300090000600500170001500700030003200800410003502000180007608000210009408000360011508000290015110000510018024501770023125000120040826000320042030000300045260000510048270000240053385200330055799900170059095201220060782226ES-MaACL20230906174632.0t|041201s2002 sp ||||1| spa d a84-8428-127-2 a821.112.2-31"17" a929 Goethe, Johann Wolfgang von a929 Levetzow, Ulrike von1 aGoethe, Johann Wolfgang von,d1749-183295756813aEl hombre de cincuenta años b: ; La Elegía de Marienbad : crónica de un amor de senectud / cJohann W. Goethe y otros ; edición, traducción y notas de Rosa Sala. a1ª ed. aBarcelona : bAlba, c2002. a220 p. : bil. ; c21 cm.14aGoethe, Johann Wolfgang von,d1749-18329575681 aSala, Rosa.9101656 aES-MaACLjE-10526 bR.134665 c82226d82226 00104070aATENEOMbATENEOMcDEPO2d2008-01-17eSCl0oE-10526p1085938r2023-02-23 00:00:00w2023-02-23yMONOGRAFIA